Piosenki Bon Jovi - nagła śmierć - Statystyki

Ogólne statystyki
  • Ten quiz został rozwiązany 56 razy
  • Średni wynik to 9 z 24
Answers on the Grid
Answers color-coded by a green-red scale on the quiz's grid according to % correct below.
Livin' On A Prayer
You Give Love A Bad Name
It's My Life
Wanted Dead Or Alive
Always
Never Say Goodbye
Bed Of Roses
I'll Be There For You
Runaway
Dry County
I Want You
This Ain't A Love Song
Lay Your Hands On Me
Let It Rock
Living In Sin
Born To Be My Baby
Only Lonely
Without Love
Social Disease
The Price Of Love
Keep The Faith
Homebound Train
Breakout
All About Lovin' You
Knockin' On Heaven's Door
Welcome To The Jungle
Still Loving You
Wind Of Change
Rock You Like a Hurricane
Lovedrive
The Same Thrill
The Show Must Go On
Radio Ga Ga
Who Wants To Live Forever
A Kind Of Magic
Take My Breath Away
It Must Have Been Love
Listen To Your Heart
The Final Countdown
I Want It All
 
Statystyki odpowiedzi
Odpowiedź % Poprawnych
It's My Life
82%
Livin' On A Prayer
82%
You Give Love A Bad Name
71%
Always
62%
Bed Of Roses
59%
Runaway
53%
Wanted Dead Or Alive
47%
I'll Be There For You
41%
Keep The Faith
38%
Born To Be My Baby
35%
Never Say Goodbye
35%
Dry County
32%
I Want You
32%
Without Love
32%
Lay Your Hands On Me
29%
Let It Rock
26%
All About Lovin' You
24%
This Ain't A Love Song
24%
Breakout
21%
Living In Sin
21%
Homebound Train
18%
Only Lonely
18%
Social Disease
18%
The Price Of Love
18%
Nie znaleziono quizów pasujących do podanych kryteriów
Rozkład punktacji
Procent ludzi z każdym wynikiem
Percentyl według liczby udzielonych odpowiedzi
Twoja historia wyników
Nie rozwiązałeś tego quizu